ПЕРЕЧЕНЬ нормативно-технической документации на изготовление и ремонт швейных изделий по индивидуальным заказам населения... ... на 1988 год (Запись № 5390296)

Подробности
000 -МАРКЕР
контрольное поле 01307nam2a22002291 4500
001 - ИДЕНТИФИКАТОР ЗАПИСИ
контрольное поле rc\518843
005 - ИДЕНТИФИКАТОР ВЕРСИИ
контрольное поле 20250621164313.0
035 ## - ДРУГИЕ СИСТЕМНЫЕ НОМЕРА
Идентификатор записи (NLR Aleph) 005811430
100 ## - ДАННЫЕ ОБЩЕЙ ОБРАБОТКИ
Данные общей обработки 20030616d1987 |||y0rusy50 ca
101 0# - ЯЗЫК РЕСУРСА
Язык текста, звукозаписи и т.д. русский
102 ## - СТРАНА ПУБЛИКАЦИИ ИЛИ ПРОИЗВОДСТВА
Страна публикации Российская Федерация
105 ## - ПОЛЕ КОДИРОВАННЫХ ДАННЫХ: ТЕКСТОВЫЕ МАТЕРИАЛЫ, МОНОГРАФИЧЕСКИЕ
Кодированные данные о монографическом текстовом документе y |||||||||
200 0# - ЗАГЛАВИЕ И СВЕДЕНИЯ ОБ ОТВЕТСТВЕННОСТИ
Основное заглавие ... на 1988 год
210 ## - ПУБЛИКАЦИЯ, РАСПРОСТРАНЕНИЕ И ДР.
Дата издания, распространения и т.д. 1987
Место издания, распространения и т.д. Б. м.
215 ## - ФИЗИЧЕСКАЯ ХАРАКТЕРИСТИКА
Специфическое обозначение материала и объем 48 с.
461 #0 - УРОВЕНЬ НАБОРА
Встроенное поле 001rc\518842
-- 2001#$aПЕРЕЧЕНЬ нормативно-технической документации на изготовление и ремонт швейных изделий по индивидуальным заказам населения...$fМ-во быт. обслуж. населения РСФСР, Центр. опыт.-техн. швейн. лаб.$v... на 1988 год
Системный номер (АБИС) связанной записи 5390288
Место публикации М.
Дата публикации 1987
Первые сведения об ответственности М-во быт. обслуж. населения РСФСР, Центр. опыт.-техн. швейн. лаб.
Имя издателя, распространителя и т.д. ЦБНТИ
Заглавие ПЕРЕЧЕНЬ нормативно-технической документации на изготовление и ремонт швейных изделий по индивидуальным заказам населения...
Номер тома ... на 1988 год
801 #0 - ИСТОЧНИК ЗАПИСИ
Страна Российская Федерация
Организация NLR
Правила каталогизации psbo
801 #1 - ИСТОЧНИК ЗАПИСИ
Страна Российская Федерация
Организация ELAR
Источник данных rusmarc
852 ## - МЕСТОНАХОЖДЕНИЕ И ШИФР ХРАНЕНИЯ
Идентификатор организации NLR
Шифр хранения (Call Number) 88-4/18796
942 ## - ДОПОЛНИТЕЛЬНЫЕ ЭЛЕМЕНТЫ ЗАПИСИ (АБИС)
Тип экземпляра АБИС Книга
980 ## - КОЛЛЕКЦИЯ
Название коллекции Национальная библиография
Экземпляры
Тип экземпляра Дата поступления Библиотека постоянного хранения Библиотека текущего хранения Место хранения Шифр хранения Штрих-код Статус экземпляра
Книга 26.10.2013 РНБ (Московский) РНБ (Московский) Русский книжный фонд: издания с 1957 года 88-4/18796 5811430-10